<?xml version="1.0" encoding="UTF-8"?>
<collection xmlns="http://www.loc.gov/MARC21/slim">
 <record>
  <leader>01318nam a2200205 a 4500</leader>
  <controlfield tag="001">1/44495</controlfield>
  <controlfield tag="008">140519s2009    gr            001 0 gre d</controlfield>
  <datafield tag="020" ind1=" " ind2=" ">
   <subfield code="a">9789606780356</subfield>
  </datafield>
  <datafield tag="035" ind1=" " ind2=" ">
   <subfield code="l">47446</subfield>
  </datafield>
  <datafield tag="040" ind1=" " ind2=" ">
   <subfield code="a">GR-PeUP</subfield>
  </datafield>
  <datafield tag="082" ind1="0" ind2="0">
   <subfield code="a">336.271'4 ΡΕΠ</subfield>
  </datafield>
  <datafield tag="100" ind1="1" ind2=" ">
   <subfield code="a">Ρέππας, Παναγιώτης Θ.</subfield>
  </datafield>
  <datafield tag="245" ind1="1" ind2="2">
   <subfield code="a">Ο φόρος προστιθέμενης αξίας :</subfield>
   <subfield code="b">το αντικείμενο και το υποκείμενο του Φ.Π.Α. επί των πραγματοποιούμενω στην Ελλάδα συναλλαγών /</subfield>
   <subfield code="c">Παναγιώτης Θ. Ρέππας.</subfield>
  </datafield>
  <datafield tag="250" ind1=" " ind2=" ">
   <subfield code="a">2η έκδοση, βελτιωμένη, προσαυξημένη και συγχρονισμένη.</subfield>
  </datafield>
  <datafield tag="260" ind1=" " ind2=" ">
   <subfield code="a">Αθήνα :</subfield>
   <subfield code="a">Πάμισος,</subfield>
   <subfield code="c">2009.</subfield>
  </datafield>
  <datafield tag="300" ind1=" " ind2=" ">
   <subfield code="a">847 σ. ;</subfield>
   <subfield code="c">24 εκ.</subfield>
  </datafield>
  <datafield tag="500" ind1=" " ind2=" ">
   <subfield code="a">Ερμηνεία από νομικής και φορολογικής πλευράς των σχετικών με τα θέματα αυτά διατάξεων των άρθρων 1 έως 9,19,22 και 27 του περί Φ.Π.Α. Νόμου 2859/2000, όπως ισχύει.</subfield>
  </datafield>
  <datafield tag="650" ind1=" " ind2="4">
   <subfield code="a">Φόρος Προστιθέμενης Αξίας.</subfield>
  </datafield>
  <datafield tag="650" ind1=" " ind2="4">
   <subfield code="a">Φορολογία.</subfield>
  </datafield>
  <datafield tag="852" ind1=" " ind2=" ">
   <subfield code="a">INST</subfield>
   <subfield code="b">UNIPILB</subfield>
   <subfield code="c">MAIN</subfield>
   <subfield code="e">20140519</subfield>
   <subfield code="h">336.271'4 ΡΕΠ</subfield>
   <subfield code="p">00171091</subfield>
   <subfield code="q">00171091</subfield>
   <subfield code="t">LOAN</subfield>
   <subfield code="y">0</subfield>
   <subfield code="4">1</subfield>
  </datafield>
 </record>
</collection>
